000 00588nam a2200229Ia 4500
003 OSt
005 20220928104209.0
006 a|||||r|||| 00| 0
007 ta
008 220927b |||||||| |||| 00| 0 eng d
024 _a39317
037 _cTextual
040 _aSDCL
_cSDCL
_beng
041 _2eng
_aeng
082 _aV2,1y7K27, F0
100 _aSen Surendranath
_9409565
245 0 _aSiva Chhatrapati
260 _aCalcutta
_bK P Bagchi
_c1920
300 _a272p
_ccm.
942 _hV2,1y7K27, F0
_cTEXL
_2CC
999 _c725130
_d725130